Statistics for Countries by a Single Word

Click here to take the quiz!

General Stats

  • This quiz has been taken 910 times
  • The average score is 17 of 22

Answer Stats

HintAnswer% Correct
SphinxEgypt
96%
FjordsNorway
96%
CastroCuba
93%
GenghisMongolia
92%
MaoriNew Zealand
90%
GalapagosEcuador
85%
ProvenceFrance
85%
LemurMadagascar
85%
JuventusItaly
83%
PoutineCanada
81%
QantasAustralia
80%
KrakatoaIndonesia
80%
MagyarHungary
76%
EvitaArgentina
75%
BoerSouth Africa
74%
RhodesiaZimbabwe
74%
KibbutzIsrael
73%
CantonsSwitzerland
72%
DrachmaGreece
71%
TeardropSri Lanka
67%
SelassieEthiopia
62%
HermitNorth Korea
50%

Score Distribution

Percentile by Number Answered

Percent of People with Each Score

Your Score History

You have not taken this quiz